JHCSC Library Logo Welcome to JHCSC LibraryWhere Every Page Begins a New Adventure.    Vision: A leading public higher education institution serving the ASEAN community through quality, innovative, and culture-sensitive programs.    Mission: To provide relevant and responsive programs in Agriculture, Education, and other fields aligned with its vision. It undertakes applied research, extension, and production services that yield practical and lasting solutions to sector-specific challenges, improving the socio-economic well-being of identified communities.

Modern Systems Analysis and Design (Record no. 11317)

MARC details
000 -LEADER
fixed length control field 00642nam a22002057a 4500
005 - DATE AND TIME OF LATEST TRANSACTION
control field 20260204073143.0
008 - FIXED-LENGTH DATA ELEMENTS--GENERAL INFORMATION
fixed length control field 220216b |||||||| |||| 00| 0 eng d
020 ## - INTERNATIONAL STANDARD BOOK NUMBER
International Standard Book Number 9789810697808
040 ## - CATALOGING SOURCE
Transcribing agency JHCSC
041 ## - LANGUAGE CODE
Language code of text/sound track or separate title eng
082 ## - DEWEY DECIMAL CLASSIFICATION NUMBER
Classification number 003 H698 2011
100 ## - MAIN ENTRY--PERSONAL NAME
9 (RLIN) 2250
Personal name Jeffrey A. Hoffer
Relator term author.
245 ## - TITLE STATEMENT
Title Modern Systems Analysis and Design
Statement of responsibility, etc. Jeffrey A. Hoffer, Joey F. Goerge and Joseph S. Valacich
250 ## - EDITION STATEMENT
Edition statement Sixth Edition
Remainder of edition statement International Edition
260 ## - PUBLICATION, DISTRIBUTION, ETC.
Place of publication, distribution, etc. Singapore
Name of publisher, distributor, etc. Prentice Hall
Date of publication, distribution, etc. 2011
300 ## - PHYSICAL DESCRIPTION
Extent 575p.
700 ## - ADDED ENTRY--PERSONAL NAME
9 (RLIN) 2251
Personal name Joey F. George
Relator term author.
700 ## - ADDED ENTRY--PERSONAL NAME
9 (RLIN) 2252
Personal name Joseph S. Valacich
Relator term author.
942 ## - ADDED ENTRY ELEMENTS (KOHA)
Source of classification or shelving scheme Dewey Decimal Classification
Koha item type Book
Holdings
Withdrawn status Lost status Source of classification or shelving scheme Damaged status Not for loan Collection code Home library Current library Shelving location Date acquired Total Checkouts Full call number Barcode Date last seen Price effective from Koha item type
    Dewey Decimal Classification     Information Technology JHCSC - Canuto MS Enero Campus Library JHCSC - Canuto MS Enero Campus Library Circulation 11/10/2014   003 H698 2011 2014-1369 c 02/04/2026 02/04/2026 Book
    Dewey Decimal Classification     Information Technology JHCSC - Canuto MS Enero Campus Library JHCSC - Canuto MS Enero Campus Library Circulation 11/10/2014   003 H698 2011 2014-1368 c 02/04/2026 02/04/2026 Book
© J.H. Cerilles State College | All Rights Reserved
Designed by Terhevic L. Bation & Gerald Biad, Library IT Staff